000 00554nmm a2200181Ia 4500
008 251105s9999||||xx |||||||||||||||||und||
020 _a9781558851672
041 _aeng
100 _aMraz, John
245 0 _aUprooted : braceros in the hermanos Mayo lens
264 _a[Washington, Estados Unidos] :
_bArte Público Press,
_c2017
300 _a144 páginas
650 _aHistory of the Americas: North America
700 _aMraz, John
700 1 _a Storey, Jaime Vélez
856 _uhttps://public.digitaliapublishing.com/a/47290
942 _cCF
999 _c69173
_d69173